000 01089nam a2200349 a 4500
001 000108030
003 CHAP
005 20220329143954.0
008 131128s2000 mx |r| ||||||spa d
010 _a104492
011 _a105464
020 _a9786070210419
040 _cCHAP
082 0 4 _a515.42
_bG72
100 1 _aGrabinsky, Guillermo
_9124803
245 1 0 _aTeoría de la medida /
_cpor Guillermo Grabinsky.
260 _aMéxico, D.F. :
_bUNAM. Facultad de Ciencias,
_c2000.
300 _avii, 213 p.
490 1 _aTemas de matemáticas
590 _aE5995AHE
_b05
_c20131128
_lUCH01
_h1411
590 _aE5995AHE
_b05
_c20131128
_lUCH01
_h1416
590 _aE5995AHE
_b05
_c20131128
_lUCH01
_h1420
590 _aE5995AHE
_b05
_c20131128
_lUCH01
_h1421
650 1 4 _aAnálisis matemático
_95988
650 1 4 _aCálculo integral
_xProblemas, ejercicios, etc.
_923996
650 1 4 _aEducación superior
_xEstudio y enseñanza.
_935632
650 1 4 _aMedición, teoría de la.
_973924
830 0 _aTemas de matemáticas
_9112148
901 _aBK
942 _cLIBRO
942 _n0
999 _c104492
_d104492